Emergence, Development and Sustainability of Innovative Enterprises
Rast inovácií a udržateľnosť sú neodmysliteľne spojené s inovačnými procesmi v podnikoch. Aby sa podniky posunuli vpred, dôraz na strategickú udržateľnosť v takýchto podnikoch predstavuje podľa názoru autorov medzeru vo výskume, ktorú treba neustále hlbšie skúmať. V príspevku sa autori zamerajú na s...
Guardado en:
| Autor principal: | |
|---|---|
| Otros Autores: | , |
| Formato: | Capítulo de libro |
| Lenguaje: | inglés |
| Materias: | |
| Etiquetas: |
Sin Etiquetas, Sea el primero en etiquetar este registro!
|
MARC
| LEADER | 00000naa a2200000 4500 | ||
|---|---|---|---|
| 001 | 0297967 | ||
| 005 | 20240502084004.7 | ||
| 041 | 0 | |a eng | |
| 044 | |a CZ | ||
| 245 | 1 | 0 | |a Emergence, Development and Sustainability of Innovative Enterprises |c Ivana Mišúnová Hudáková, Štefan Slávik, Juraj Mišún |
| 520 | |a Rast inovácií a udržateľnosť sú neodmysliteľne spojené s inovačnými procesmi v podnikoch. Aby sa podniky posunuli vpred, dôraz na strategickú udržateľnosť v takýchto podnikoch predstavuje podľa názoru autorov medzeru vo výskume, ktorú treba neustále hlbšie skúmať. V príspevku sa autori zamerajú na slovenské podniky, ktoré sú založené na vývoji nových produktov na Slovensku a ktoré sú zároveň súčasťou stagnujúceho inovačného prostredia. Pozornosť je venovaná vybraným aspektom ovplyvňujúcim inovácie v podnikoch, ktoré by podniky nemali vnímať ako záťaž, ale ako vnútornú potrebu ich ďalšieho rozvoja a ich dlhodobej udržateľnosti. | ||
| 610 | 2 | 0 | |a inovácia |
| 610 | 2 | 0 | |a podnik |
| 610 | 2 | 0 | |a udržateľnosť |
| 610 | 2 | 0 | |a prostredie podnikateľské |
| 610 | 2 | 0 | |a stratégia podnikateľská |
| 610 | 2 | 0 | |a rozvoj trvalo udržateľný |
| 100 | 1 | |a Mišúnová Hudáková, Ivana, 1976- | |
| 700 | 1 | |a Slávik, Štefan, 1955- | |
| 700 | 1 | |a Mišún, Juraj, 1978- | |